000
00250nam a22001217a 4500
008
170622b xxu||||| |||| 00| 0 eng d
041
_a
eng
080
_a
32
100
_a
20
101
_a
shp
245
_a
DIPLOMACY
_c
KISSINGER, H
942
_2
udc
_c
BK
999
_c
18708
_d
18708